Manual de biblioteconomía (Record no. 89681)

MARC details
000 -LEADER
campo de control de longitud fija 00627nam a2200181 i 4500
001 - NÚMERO DE CONTROL
campo de control 89681
003 - IDENTIFICADOR DE NÚMERO DE CONTROL
campo de control ES-MaACL
005 - FECHA Y HORA DE LA ÚLTIMA TRANSACCIÓN
campo de control 20250729015732.0
007 - CAMPO FIJO DE DESCRIPCIÓN FÍSICA--INFORMACIÓN GENERAL
campo de control de longitud fija t|
008 - DATOS DE LONGITUD FIJA--INFORMACIÓN GENERAL
campo de control de longitud fija 050112s1952 sp ||||1| spa d
100 1# - ENTRADA PRINCIPAL--NOMBRE DE PERSONA
Nombre de persona Lasso de la Vega Jiménez-Placer, Javier,
Fechas asociadas al nombre 1892-1990
9 (RLIN) 70478
245 10 - MENCIÓN DEL TÍTULO
Título Manual de biblioteconomía
Resto del título : organización técnica y científica de las bibliotecas /
Mención de responsabilidad, etc. Javier Lasso de la Vega.
260 ## - PUBLICACIÓN, DISTRIBUCIÓN, ETC.
Lugar de publicación, distribución, etc. Madrid :
Nombre del editor, distribuidor, etc. Mayfe,
Fecha de publicación, distribución, etc. 1952 (
Fabricante Mag)
300 ## - DESCRIPCIÓN FÍSICA
Extensión XVI, 718 p., 1 lám. ;
Dimensiones 23 cm.
650 07 - PUNTO DE ACCESO ADICIONAL DE MATERIA--TÉRMINO DE MATERIA
Término de materia o nombre geográfico como elemento de entrada Biblioteconomía
Fuente del encabezamiento o término embne
9 (RLIN) 10554
852 ## - LOCALIZACIÓN
Ubicación ES-MaACL
Número de control de estantería C-6191
Sublocalización o colección R.34740
Holdings
Estatus retirado Estado de pérdida Fuente del sistema de clasificación o colocación Estado de daño No para préstamo Colección Biblioteca de origen Biblioteca actual Ubicación en estantería Fecha de adquisición Total de préstamos Signatura topográfica completa Código de barras Visto por última vez Precio de reemplazo Tipo de ítem Koha
    Clasificación decimal universal     Biblioteca profesional Biblioteca del Ateneo de Madrid Biblioteca del Ateneo de Madrid Sala Palomar 17/01/2008   C-6191 1093661 23/02/2023 23/02/2023 Libro impreso